Most Expensive Football Transfers Summer 2025 - Statistics

General Stats
  • This quiz has been taken 70 times
  • The average score is 21 of 25
Answer Stats
From To Fee Answer % Correct
Newcastle United Liverpool €145.00m Alexander Isak
100%
Bayer Leverkusen Liverpool €125.00m Florian Wirtz
98%
Eintracht Frankfurt Liverpool €95.00m Hugo Ekitiké
97%
Liverpool Bayern Munich €70.00m Luis Díaz
93%
Napoli Galatasaray €75.00m Victor Osimhen
93%
RB Leipzig Manchester United €76.50m Benjamin Šeško
92%
Wolverhampton Wanderers Manchester United €74.20m Matheus Cunha
90%
Brentford Manchester United €75.00m Bryan Mbeumo
88%
Crystal Palace Arsenal €69.30m Eberechi Eze
88%
Real Sociedad Arsenal €70.00m Martín Zubimendi
88%
Bournemouth Real Madrid €62.50m Dean Huijsen
85%
VfB Stuttgart Newcastle United €85.00m Nick Woltemade
85%
Sporting CP Arsenal €65.80m Viktor Gyökeres
85%
RB Leipzig Tottenham Hotspur €65.00m Xavi Simons
85%
West Ham United Tottenham Hotspur €63.80m Mohammed Kudus
82%
Chelsea Arsenal €56.00m Noni Madueke
82%
Borussia Dortmund Chelsea €56.00m Jamie Gittens
78%
AC Milan Manchester City €55.00m Tijjani Reijnders
78%
Liverpool Al-Hilal €53.00m Darwin Núñez
77%
Brentford Newcastle United €57.70m Yoane Wissa
75%
Brighton & Hove Albion Chelsea €63.70m João Pedro
73%
Nottingham Forest Newcastle United €61.40m Anthony Elanga
70%
Bournemouth Paris Saint-Germain €63.00m Ilya Zabarnyi
65%
Atalanta Al-Qadsiah €68.25m Mateo Retegui
65%
Benfica Real Madrid €50.00m Álvaro Carreras
60%
No matching quizzes found
Score Distribution
Percent of People with Each Score
Percentile by Number Answered
Your Score History
You have not taken this quiz